000
00323nam a2200121Ia 4500
008
231219s9999 xx 000 0 und d
041
_a
eng
082
_a
823
100
_a
AIMATS and CME
245
_a
How To Prepare For The Mat Management Aptitude Test
260
_b
Global Business Press Delhi95
650
_a
Management
999
_c
976841
_d
976841